• 首页
  • 本馆介绍
  • 公告通知
  • 最新文献
  • 馆藏检索
  • 电子资源
  • 读者导购
  • 参考咨询
  • 我的图书馆
  • 登录
  • 详细信息显示
  • 放入我的书架
  • 预约/预借图书
  • 作者相关作品
  • 分类相关作品
  • 丛书相关作品
  • 出版社相关作品

书目信息

  • 表格格式
  • 工作单格式
  • 卡片格式
题名:
化学命题研究与试题评析
    
 
作者: 相阳 , 韩家勋 编
分册:  
出版信息: 北京   高等教育出版社  1992
页数: 401
开本: 19cm
丛书名:
单 册:
中图分类: G424.79
科图分类:
主题词: 教学理论
电子资源:
ISBN: 7-04-004042-5
000 00594nam0 2200193 450
001 0754114953
005 20070929150154.95
010    @a7-04-004042-5
100    @a20070929d km y0chiy0120 ea
101 0  @achi
200 1  @a化学命题研究与试题评析@Ahua xue ming ti yan jiu yu shi ti ping xi@f韩家勋,相阳 等编@Fhan jia xun,xiang yang deng bian
210    @a北京@c高等教育出版社@d1992
215    @a401@c插图@d19cm
606 0  @a教学理论
690    @aG424.79@v3
701  0 @a相阳@Axiang yang@4编
701  0 @a韩家勋@Ahan jia xun@4编
801  0 @aCN@bPFT@c20070929
905    @a213230@dG424.79@eh29@f1
    
    化学命题研究与试题评析/韩家勋,相阳 等编.-北京:高等教育出版社,1992
    401:插图;19cm
    
    
    ISBN 7-04-004042-5:
    
●
相关链接 在E读中查询图书 在五车中查询图书 在当当中查询图书 在豆瓣中查询图书


正题名:化学命题研究与试题评析     索取号:G424.79/h29         预约/预借

序号 登录号 条形码 馆藏地/架位号 状态 备注
1 6000852   260008529   密集书库-化学系/ [索取号:G424.79/h29] 在馆    
2 6000853   260008538   密集书库-化学系/ [索取号:G424.79/h29] 在馆    
唐山师范学院图书馆 欢迎您!
大连网信软件有限公司© 版权所有